000 00527nam a2200217Ia 4500
003 OSt
005 20220928143345.0
006 a|||||r|||| 00| 0
007 ta
008 220927b |||||||| |||| 00| 0 eng d
024 _a21716
037 _cTextual
040 _aSDCL
_cSDCL
_beng
041 _2eng
_aeng
082 _aW691y7M18, L5
100 _aMc Lellan David
_9505121
245 0 _aKarl Marx
260 _c1975
942 _hW691y7M18, L5
_cTEXL
_2CC
999 _c823744
_d823744